| 000 | 01308nam a2200397 c 4500 | ||
|---|---|---|---|
| 001 | 19350 | ||
| 003 | ES-MaCES | ||
| 005 | 20220408040011.0 | ||
| 008 | 060911s2006 sp t 000 | spa d | ||
| 017 |
_aV 1996-2006 _bDL |
||
| 020 | _a8484566196 | ||
| 035 | _aCES20060012272m | ||
| 040 |
_aES-MaCES _bspa _cES-MaCES |
||
| 100 | 1 |
_923391 _aSanguineti Raymond, Wilfredo |
|
| 245 | 1 | 4 |
_aLos empresarios y el conflicto laboral _b: (del cierre a la defensa de la producción) _cWilfredo Sanguineti Raymond |
| 260 |
_aValencia _bTirant lo Blanch _c2006 |
||
| 300 |
_a269 p. _c22 cm |
||
| 490 | 1 |
_aTirant monografías _v437 |
|
| 504 | _aBibliografía: p. 257-266 | ||
| 541 | _cCompra | ||
| 650 | 4 |
_aempresario _928188 |
|
| 650 | 4 |
_aconflicto de trabajo _928367 |
|
| 650 | 4 |
_acierre de empresa _929064 |
|
| 650 | 4 |
_ahuelga _928376 |
|
| 650 | 4 |
_acontrol de la producción _928250 |
|
| 650 | 4 |
_aEspaña _926964 |
|
| 650 | 4 |
_aderecho del trabajo _927165 |
|
| 650 | 4 |
_aderecho constitucional _927158 |
|
| 653 | 1 | 0 | _aDerecho del trabajo y Seguridad Social |
| 650 | 4 |
_930601 _aestrategia empresarial |
|
| 650 | 4 |
_928371 _aactitud de la dirección |
|
| 830 | 0 |
_aTirant monografías _v437 _932480 |
|
| 902 | _aLIB Libro | ||
| 942 |
_2CES _cBK _h6.0.1. |
||
| 999 |
_c19350 _d19350 |
||